Word Ladder: Pig Dish Quiz Stats

 Plays Quiz Updated Jul 5, 2017

Support Sporcle.
Go Orange.
Score 0/14 Timer 01:30
0 Plays Today
Clue 4-Letter Word % Correct
Popular BBQ meat•PORK•
96.9%
Prepare a mealCOOK
94.5%
Cage for poultryCOOP
89%
Browse the mallSHOP
88.6%
Use a cleaver•CHOP•
88.5%
Ireland's largest countyCORK
87.8%
Minute dermal openingPORE
86.2%
Clue 4-Letter Word % Correct
The mandatory coursesCORE
82.6%
Sought legal redressSUED
63.5%
Stay and finishSTOP
62.6%
[Rung 7] ____ (American Chinese dish)•SUEY•
60.3%
Rank, in tournamentsSEED
54.6%
Dribble out slowlySEEP
53.8%
Instruction guide partSTEP
52.9%

Today's Daily Dose

You're not logged in!

Compare scores with friends on all Sporcle quizzes.
OR
Log In
Forgot?

From the Vault

Vowel Cut Celebrities III

by jrage2009

We think these celebs should consider using these as their professional names going forward. We'd watch a movie starring Bra Pi and Mi Ku.
Remove Ads.
Support Sporcle.
Get the best of Sporcle when you Go Orange. This ad-free experience offers more features, more stats, and more fun while also helping to support Sporcle. Thank you for becoming a member.

Show Comments

Extras

Top Quizzes Today


Score Distribution

Your Account Isn't Verified!

In order to create a playlist on Sporcle, you need to verify the email address you used during registration. Go to your Sporcle Settings to finish the process.

Report this User

Report this user for behavior that violates our Community Guidelines.

Details: